000 00153nam a22000857a 4500
082 _a823
100 _aGALILEO GALILIE
245 _aGERRY BAILEY
942 _cBK
999 _c8432
_d8432